Etiqueta de registo: 00615cam 2200229 450
001 1691663
003 http://id.bnportugal.gov.pt/bib/catbnp/1691663
010 ## $a972-40-1844-X
021 ## $aPT$b188345/02
100 ## $a20080916e20062003k y0pory0103 ba
101 0# $apor
102 ## $aPT
105 ## $ay n 001yy
106 ## $ar
200 1# $a A lei da saúde mental$eLei nº 36/98, de 24 de Julho$eanotada$f[anot.] Pedro Soares de Albergaria
205 ## $aReimp
210 #9 $aCoimbra$cAlmedina,$d2006
215 ## $a92 p.$d23 cm
500 00 $aLeis, decretos, etc.
675 ## $a616.89(094.4)$31160361
675 ## $a613.8(094.4)$3561901
675 ## $a347$vBN$zpor$3288035
702 #1 $aAlbergaria,$bPedro Soares de$4020$31154521
710 01 $aPortugal.$376824
801 #0 $aPT$bBN$gRPC
900 ## $aBIBNAC$d20130602
966 ## $lBN$mFGMON$sS.A. 122424 V.$x1
Etiqueta de registo: 00615cam 2200229 450
001 1157613
003 http://id.bnportugal.gov.pt/bib/catbnp/1157613
010 ## $a972-40-1844-X
021 ## $aPT$b188345/02
100 ## $a20030702d2003 m y0pory0103 ba
101 0# $apor
102 ## $aPT
105 ## $ay z 001yy
106 ## $ar
200 1# $a A lei da saúde mental$eLei nº 36/98, de 24 de Julho$eanotada$fPedro Soares de Albergaria
210 #9 $aCoimbra$cAlmedina,$d2003
215 ## $a92 p.$d23 cm
500 00 $aLeis, decretos, etc.
675 ## $a616.89(094.4)$31160361
675 ## $a613.8(094.4)$3561901
675 ## $a347$vBN$zpor$3288035
702 #1 $aAlbergaria,$bPedro Soares de$4020$31154521
710 01 $aPortugal.$376824
900 ## $aBIBNAC$d20130602
966 ## $lBN$mFGMON$sS.A. 105205 V.$x1
966 ## $lBN$mFGMON$sS.A. 105205 V.$x1
Etiqueta de registo: 00615nam 2200229 450
001 1701021
003 http://id.bnportugal.gov.pt/bib/catbnp/1701021
010 ## $a978-972-40-3085-2
021 ## $aPT$b255278/07
100 ## $a20090130d2007 k y0pory0103 ba
101 0# $apor
102 ## $aPT
105 ## $ay n 001yy
106 ## $ar
200 1# $aPlea bargaining$eaproximação á justiça negociada nos E.U.A.$fPedro Soares de Albergaria
210 #9 $aCoimbra$cAlmedina,$d2007
215 ## $a160 p.$d23 cm
320 ## $aBibliografia, p. 149-157
675 ## $a343.1(73)$vBN$zpor$31361174
700 #1 $aAlbergaria,$bPedro Soares de$31154521
801 #0 $aPT$bBN$gRPC
900 ## $aBIBNAC$d20130602
966 ## $lBN$mFGMON$sS.C. 115488 V.$x1
Etiqueta de registo: 00615nam 2200229 450
001 2286505
003 http://id.bnportugal.gov.pt/bib/catbnp/2286505
010 ## $a978-989-40-3054-6
021 ## $aPT$b559663/26
100 ## $a20260519d2026 k y0pory01030103ba
101 0# $apor
102 ## $aPT
105 ## $ay n 001yy
106 ## $ar
200 1# $aComentário da lei da saúde mental$fPedro Soares de Albergaria, Tiago Caiado Milheiro
210 #9 $aCoimbra$cAlmedina,$d2026
215 ## $a379 p.$d24 cm
500 00 $aLeis, decretos, etc.
702 #1 $aAlbergaria,$bPedro Soares de$4020$31154521
702 #1 $aMilheiro,$bTiago Caiado$4020$31485718
710 01 $aPortugal.$376824
801 #0 $aPT$bBN$gRPC
966 ## $lBN$mFGMON$x1
966 ## $lBN$mFGMON$x1
971 ## $cisantos$d20260519